000 00418nam a2200133Ia 4500
008 210716s1993 xx 000 0 und d
041 _aeng
082 _a658.575 DOLR
100 _aDolan, Robert J.
245 _aManaging the new product development process: cases and notes.
_bCases and notes.
260 _aNew York
_bAddison wesley Publishing Company
_c1993
300 _aviii,392
650 _aOperations Management
999 _c198698
_d198698